|
|
|
|
| LEADER |
00000cam a2200000 7i4500 |
| 001 |
0000002667 |
| 005 |
20040220.0 |
| 090 |
0 |
0 |
|a C333.9511
|b GLO 2002
|
| 110 |
1 |
0 |
|a GLOBAL Taxonomy Initiative Regional Workshop in Asia
|i 1st
|k 2002
|j Putrajaya, Malaysia
|
| 245 |
1 |
0 |
|a 1st GTI, 10-17 September 2002, Putrajaya, Malaysia
|
| 260 |
0 |
0 |
|a Ibaraki, Japan :
|b National Institute for Environmental Studies ,
|c 2002
|
| 300 |
|
|
|a Various pagings ;
|c 30 cm.
|
| 650 |
0 |
0 |
|a Biological diversity
|z Asia
|x Congresses
|
| 998 |
|
|
|a JPSM
|
| 999 |
|
|
|a 0000005044
|b Monograph
|c Conference kit
|e Default branch
|